[Event "World-ch Carlsen-Nepomniachtchi"]
[Site "Dubai"]
[Date "2021.12.04"]
[Round "7"]
[White "Nepomniachtchi, Ian"]
[Black "Carlsen, Magnus"]
[Result "1/2-1/2"]
[WhiteElo "2782"]
[BlackElo "2855"]
[Annotator "Giri,Anish"]
[PlyCount "81"]
[EventDate "2021.11.26"]
[EventType "match"]
[EventRounds "14"]
[EventCountry "UAE"]
[SourceTitle "CBM 206"]
[Source "ChessBase"]
[SourceDate "2022.02.28"]
[SourceVersion "1"]
[SourceVersionDate "2022.02.28"]
[SourceQuality "1"]

{[%evp 0,81,58,32,26,61,50,20,8,-25,-5,-63,-19,-58,-58,-51,-20,-50,-16,28,34,-18,24,-3,22,19,54,61,85,36,36,33,75,64,76,79,82,50,83,83,83,72,81,67,107,86,14,14,8,8,8,4,-1,-5,-5,-5,-7,-4,-9,-3,-3,5,1,0,6,0,3,0,0,0,0,-4,0,-18,0,0,0,-18,0,0,0,0,0,0]} 1. e4 e5 2. Nf3 Nc6 3. Bb5 a6 4. Ba4 Nf6 5. O-O Be7 6. Re1 b5 7. Bb3 O-O 8. a4 {The repeat of the same opening as in game 3 and 5 is not too surprising, given that Ian didn't have much time after the previous long game that ended in a loss for him. Also Ian was getting some small plus there, after all Die Wiederholung der gleichen Eröffnung wie in den Partien 3 und 5 ist nicht allzu überraschend, wenn man bedenkt, dass Ian nach der letzten langen Partie, die für ihn mit einer Niederlage endete, nicht viel Zeit hatte. Außerdem bekam Ian dort ein kleines Plus, immerhin} Rb8 9. axb5 axb5 10. h3 d6 11. d3 {Another twist, keeping the b-pawns on the board for now. In the previous game in this position Ian included 11.c3 b4, got a small plus, but for this game, Magnus (his team) would likely come up with an improvement neutralizing that attempt. Eine weitere Wendung, bei der die b-Bauern vorerst auf dem Brett bleiben. In der vorherigen Partie hatte Ian in dieser Stellung 11.c3 b4 eingeschaltet und ein kleines Plus erzielt, aber für diese Partie würde Magnus (sein Team) wahrscheinlich eine Verbesserung finden, die diesen Versuch neutralisiert.} h6 {Magnus is going for the very simple plan of h6, Re8, Bf8, Be6, trading the bishops without doubling the pawns. It is slow, but quite efficient. Magnus wählt den sehr einfachen Plan h6, Te8, Lf8, Le6 mit Läufertausch, ohne die Bauern zu verdoppeln. Es ist langsam, aber ziemlich effizient.} 12. Nc3 {Ian chooses for the Nc3-Nd5 plan. Ian entscheidet sich für den Plan Sc3-Sd5.} Re8 13. Nd5 Bf8 {Black continues with his plan, not minding the trade of knights much. Schwarz fährt mit seinem Plan fort und kümmert sich nicht sonderlich um den Tausch von Springern.} 14. Nxf6+ Qxf6 15. c3 {Black is left with the "bad" c6 knight, but as so often in these structures, he can reroute it to g6 at will. Schwarz bleibt der "schlechte" Springer auf c6, aber wie so oft in diesen Strukturen kann er ihn nach Belieben nach g6 umlenken.} Ne7 16. Be3 Be6 {Magnus took some time to go for this move order. It was also possible to start with 15....Be6, or play another move here, for example 16... b4 or 16...c5. Magnus brauchte einige Zeit, um sich für diese Zugfolge zu entscheiden. Es war auch möglich, mit 15....Le6 zu beginnen oder hier einen anderen Zug zu spielen, zum Beispiel 16...b4 oder 16...c5.} 17. d4 {White gains space in the center, but with the second pair of light pieces getting traded, the center alone is not worth too much. The side with the less space is always happy to trade stuff away. Weiß gewinnt Raum in der Mitte, aber mit dem zweiten Paar Leichtfiguren, die getauscht werden, ist die Mitte allein nicht allzu viel wert. Die Seite mit dem weniger Platz ist immer froh, wenn sie etwas abtauschen kann.} exd4 $146 {Likely an operation prepared by the team of the World Champion. Giving up the center may seem surprising at first, but it equalizes quite smoothly. Wahrscheinlich eine Operation, die vom Team des Weltmeisters vorbereitet wurde. Die Aufgabe des Zentrums mag zunächst überraschen, aber sie gleicht ganz problemlos aus.} ({RR} 17... Ng6 18. Bxe6 {½-½ (18) Esipenko,A (2678)-Tomashevsky,E (2700) Cheboksary 2022}) 18. cxd4 Bxb3 19. Qxb3 Ng6 {It transpires that the e4 pawn is hanging and more importantly, c5 push is coming next. Es stellt sich heraus, dass der e4-Bauer hängt und, was noch wichtiger ist, dass der c5-Vorstoß als nächstes kommt.} 20. Rec1 (20. Rac1 $1 {The only way to put some pressure, preventing c5, but Black is fine here as well. Die einzige Möglichkeit, Druck auszuüben und c5 zu verhindern, aber auch hier steht Schwarz gut.} Rxe4 (20... Rbc8 {or 20...Qd8 is also possible, trying to be even more pedantic. oder 20...Dd8 ist auch möglich, um noch pedantischer zu sein.}) 21. Rxc7 Re7 {White is maybe somewhat more pleasant here, with b5 pawn being slightly lightly weak, but it is not a big deal. Weiß steht hier vielleicht etwas angenehmer, da der b5-Bauer leicht schwach ist, aber das ist keine große Sache.}) (20. Qc2 c5 21. e5 Qd8 {should lead to mass exchanges as well, just like in the game. sollte ebenfalls zu einem Massenaustausch führen, genau wie im Spiel.}) 20... c5 {Now the stuff just gets traded and the game ends in a draw quickly. Jetzt werden die Sachen einfach abgetauscht und das Spiel endet schnell unentschieden.} 21. e5 Qf5 22. dxc5 dxc5 23. Bxc5 Bxc5 24. Rxc5 Nxe5 25. Nxe5 Rxe5 26. Rxe5 Qxe5 27. Qc3 {Vacuum cleaner is on. Der Staubsauger ist eingeschaltet.} Qxc3 28. bxc3 Rc8 29. Ra5 Rxc3 30. Rxb5 Rc1+ 31. Kh2 Rc3 32. h4 g6 33. g3 h5 34. Kg2 Kg7 35. Ra5 Kf6 36. Rb5 Kg7 37. Ra5 Kf6 38. Rb5 Kg7 39. Ra5 Kf6 40. Ra6+ Kg7 41. Ra7 {Not the most exciting of the games, but after a 7+ hour long game the day before, the players have nothing to prove to anyone. Nicht die aufregendste Partie, aber nach einer 7-stündigen Partie am Vortag haben die Spieler niemandem etwas zu beweisen.} 1/2-1/2

[Event "World-ch Carlsen-Nepomniachtchi"]
[Site "Dubai"]
[Date "2021.12.10"]
[Round "11"]
[White "Nepomniachtchi, Ian"]
[Black "Carlsen, Magnus"]
[Result "0-1"]
[WhiteElo "2782"]
[BlackElo "2855"]
[Annotator "Kasimdzhanov,Rustam"]
[PlyCount "98"]
[EventDate "2021.11.26"]
[EventType "match"]
[EventRounds "14"]
[EventCountry "UAE"]
[SourceTitle "CBM 206"]
[Source "ChessBase"]
[SourceDate "2022.02.28"]
[SourceVersion "1"]
[SourceVersionDate "2022.02.28"]
[SourceQuality "1"]

{[%evp 0,98,58,6,61,18,42,32,26,-31,28,-5,26,-2,40,-27,4,4,63,12,12,5,24,8,56,22,24,28,14,22,27,20,28,20,22,-7,13,-9,-9,-7,7,-20,-4,-6,-14,-25,-18,-190,-190,-190,-178,-190,-178,-190,-94,-295,-297,-297,-210,-174,-96,-85,-109,-109,-107,-107,-107,-114,-114,-116,-120,-121,-114,-147,-154,-162,-176,-202,-201,-191,-179,-214,-183,-267,-239,-245,-245,-204,-249,-311,-311,-301,-307,-313,-314,-378,-414,-456,-443,-443,-458]} 1. e4 {Nepo goes back to his main move. 1.c4 worked decently well for him a few days ago, at least in the early phase of the game... Nepo kehrt zu seinem Hauptzug zurück. 1.c4 funktionierte vor ein paar Tagen recht gut für ihn, zumindest in der frühen Phase der Partie...} e5 2. Nf3 Nc6 3. Bc4 {No more Spanish. Kein Spanisch mehr.} Nf6 $1 {Actually, a better move order. Just trust me on this! Tatsächlich eine bessere Zugfolge. Vertrauen Sie mir einfach!} 4. d3 (4. Ng5 d5 {currently works very well for Black. funktioniert derzeit sehr gut für Schwarz.}) 4... Bc5 5. c3 d6 6. O-O a5 7. Re1 Ba7 {Very interesting and an almost completely new set-up. One of the drawbacks of the Italian from White's point of view is the variety of different solid lines for Black. Sehr interessant und ein fast völlig neuer Aufbau. Einer der Nachteile von Italienisch aus weißer Sicht ist die Vielfalt der verschiedenen soliden Vairanten für Schwarz.} 8. Na3 {I suspect Nepo was on his own here, and Na3 looks natural enough. Ich vermute, dass Nepo hier auf sich allein gestellt war, und Na3 sieht natürlich genug aus.} h6 {The solid way. Der solide Weg.} (8... O-O 9. Bg5 h6 10. Bh4 g5 {looks too risky for a World Championship match - sieht zu riskant aus für einen Weltmeisterschaftskampf -} 11. Bg3 {0-1 (28) Volokitin,A (2606)-Rakotomaharo, F (2391) Riga 2021} (11. Nxg5 $5 {as always, this looks messy: Das sieht wie immer chaotisch aus:} hxg5 12. Bxg5 Kg7 13. Qf3)) 9. Nc2 {Somewhat too standard. Ein wenig zu schematisch.} (9. Nb5 $5 {looks a bit more lively to me: sieht für mich ein bisschen lebendiger aus:} Bb6 10. Be3 Bxe3 11. Rxe3 O-O 12. d4 Bg4 13. h3 Bh5 14. Qe1 {and maybe White could claim a bit of something. und vielleicht könnte Weiß ein bisschen was beanspruchen.}) 9... O-O 10. Be3 {Only this is really new. Erst dies ist wirklich neu.} (10. a4 Ne7 11. d4 {1-0 (39) Saric,I (2646) -Yankelevich,L (2461) Skalica 2020} Ng6 $1 {Black is perfectly fine here. The knight on c2 is remarkably badly placed to support e4, and White will feel this. Schwarz steht hier vollkommen ordentlich. Der Springer auf c2 ist bemerkenswert schlecht platziert, um e4 zu unterstützen, und Weiß wird das spüren.}) 10... Bxe3 (10... Ne7 11. Bxa7 Rxa7 12. d4 Ng6 {looks very easy too. sieht auch sehr einfach aus.}) 11. Nxe3 Re8 12. a4 {Another instant move. Eine weitere Sofortmaßnahme.} (12. Qc2 Be6 13. b3 $5 {looks like a chance to keep it more complex: Sieht nach einer Chance aus, es komplexer zu gestalten:} (13. Bxe6 Rxe6 14. Rad1 d5 $11) 13... d5 14. Bb5 $1) 12... Be6 13. Bxe6 {At this moment I really felt Nepo wanted nothing of this game. In diesem Moment hatte ich wirklich das Gefühl, dass Nepo nichts von dieser Partie wollte.} (13. Bb5 Bd7 14. Qb3 {at least looks more like a fight. sieht zumindest mehr nach einem Kampf aus.}) 13... Rxe6 14. Qb3 b6 (14... Rb8 15. Qb5 $1 {is suddenly awkward. Magnus is always alert ist plötzlich unangenehm. Magnus ist immer wachsam}) 15. Rad1 Ne7 16. h3 $146 ({RR} 16. g3 Qd7 {½-½ (16) Karjakin,S (2747)-Artemiev,V (2701) Krasnogorsk RUS 2023}) 16... Qd7 17. Nh2 Rd8 18. Nhg4 Nxg4 19. hxg4 d5 $1 {Perfectly in time. Genau zur rechten Zeit.} 20. d4 exd4 $1 (20... dxe4 21. dxe5 Qe8 {was playable too, but the game continuation is more direct and well-calculated. war auch spielbar, aber die Partiefortsetzung ist direkter und gut berechnet.}) 21. exd5 (21. Rxd4 Rxe4 22. Rxe4 dxe4 23. Rd1 Qc8 24. Rxd8+ Qxd8 25. Qc4 Qd7 26. Qxe4 Kf8 $11) 21... Re4 $1 (21... Nxd5 22. Rxd4 $18) 22. Qc2 Rf4 $1 {Only moves, but sufficient. Now facing a bunch of very drawn lines, Nepo makes of one of the worst mistakes in a long history of World Championship matches. Einzige Züge, aber ausreichend. Nun sieht sich Nepo einer Reihe von sehr remislichen Varianten gegenüber und begeht einen der schlimmsten Fehler in der langen Geschichte der Weltmeisterschaftskämpfe.} 23. g3 $4 (23. Rxd4 Rxd4 24. cxd4 Nxd5 25. Nxd5 Qxd5 26. Qxc7 Qxd4 $11) (23. Nc4 Ng6 24. cxd4 Qxd5 $11) 23... dxe3 {Also, an absolutely only move. Auch ein absolut einziger Zug.} 24. gxf4 Qxg4+ 25. Kf1 Qh3+ 26. Kg1 Nf5 $6 {There were several checkmating lines, for instance Es gab mehrere Mattvarianten, zum Beispiel} (26... exf2+ $1 27. Qxf2 Rd6 28. Qf1 Rg6+ 29. Kf2 Qh2+ 30. Ke3 Nf5+ 31. Kd3 Rg3+ 32. Kc4 Qxb2 {etc. usw.}) 27. d6 $1 {Somehow White isn't immediately lost. Irgendwie ist Weiß nicht sofort verloren.} Nh4 28. fxe3 Qg3+ 29. Kf1 Nf3 30. Qf2 Qh3+ {Magnus goes for a winning rook endgame. With his technique it's probably as good as delivering checkmate. Magnus strebt ein gewonnenes Turmendspiel an. Mit seiner Technik ist das wahrscheinlich so gut wie ein Schachmatt.} 31. Qg2 (31. Ke2 Nxe1 32. dxc7 Qg4+ $1) 31... Qxg2+ 32. Kxg2 Nxe1+ 33. Rxe1 Rxd6 34. Kf3 Rd2 {A pawn up and an active rook is plenty. The rest is agony. Ein Bauer mehr und ein aktiver Turm sind genug. Der Rest ist Agonie.} 35. Rb1 (35. b4 axb4 36. cxb4 Ra2 37. Rc1 Rxa4 38. Rxc7 Rxb4 $19) 35... g6 36. b4 axb4 37. Rxb4 (37. cxb4 Ra2 $19) 37... Ra2 38. Ke4 h5 39. Kd5 Rc2 $5 (39... h4 {was winning, but Magnus carefully avoids any complications. gewann, aber Magnus vermeidet sorgfältig jegliche Komplikationen.} 40. Kc6 h3 41. Rb1 h2 42. Kxc7 f6 43. Kxb6 g5) 40. Rb3 (40. c4 h4 41. Kc6 h3 42. Kxc7 h2 43. Rb1 Rxc4+ {Now White doesn't even get a passed pawn, Jetzt bekommt Weiß nicht einmal einen Freibauern,}) 40... h4 41. Kc6 h3 42. Kxc7 h2 43. Rb1 Rxc3+ ({I would probably prefer Ich würde wahrscheinlich bevorzugen} 43... f6 44. Kxb6 g5 45. a5 g4 46. a6 Ra2 47. a7 g3 {and pawns will queen. Nothing is wrong with the World Champion's choice either. und die Bauern wandeln um. Auch an der Wahl des Weltmeisters ist nichts auszusetzen.}) 44. Kxb6 Rb3+ 45. Rxb3 h1=Q 46. a5 Qe4 $1 {White doesn't get a single chance here. Weiß bekommt hier nicht eine einzige Chance.} 47. Ka7 (47. a6 Qe6+ $1) 47... Qe7+ $1 48. Ka8 Kg7 49. Rb6 (49. a6 Qe6 50. Ra3 Qc8+ 51. Ka7 Qc5+ $19) 49... Qc5 {and Nepo resigned. The second half of the match wasn't the fight we all wanted to see, with most of the games being blundered away ( 21...b5??, 27.c5??, 23.g3?? and others). Still, the World Champion barely made a mistake in 11 games, and never gave a chance once in control. Hopefully Nepo can recover from what must be an absolute nightmare of a match. und Nepo gab auf. Die zweite Hälfte des Matches war nicht der Kampf, den wir alle sehen wollten, da die meisten Partien verpatzt wurden ( 21...b5??, 27.c5??, 23.g3?? und andere). Dennoch machte der Weltmeister in 11 Partien kaum einen Fehler und gab nie eine Chance, sobald er die Kontrolle hatte. Hoffentlich kann sich Nepo von diesem absoluten Albtraum eines Matches erholen.} 0-1

[Event "Tata Steel-A 84th"]
[Site "Wijk aan Zee"]
[Date "2022.01.17"]
[Round "3"]
[White "Duda, Jan Krzysztof"]
[Black "Carlsen, Magnus"]
[Result "1/2-1/2"]
[WhiteElo "2760"]
[BlackElo "2865"]
[PlyCount "75"]
[EventDate "2022.01.15"]
[EventType "tourn"]
[EventRounds "13"]
[EventCountry "NED"]
[EventCategory "20"]
[SourceTitle "CBM 206"]
[Source "ChessBase"]
[SourceDate "2022.02.28"]
[SourceVersion "1"]
[SourceVersionDate "2022.02.28"]
[SourceQuality "1"]

1. e4 {Giri,Anish} e5 2. Nf3 Nc6 3. Bb5 a6 4. Ba4 Nf6 5. O-O Be7 6. Re1 b5 7. Bb3 O-O 8. a4 Rb8 ({RR} 8... Bb7 9. d3 d6 10. Nbd2 Re8) 9. axb5 axb5 10. h3 d6 11. c3 b4 12. d3 ({RR} 12. d4 bxc3 13. bxc3 exd4 14. cxd4 d5 15. e5 Ne4) 12... bxc3 13. bxc3 h6 ({RR} 13... d5 14. Nbd2 dxe4 15. dxe4 Bd6 ({RR} 15... h6 16. Ba4 Ra8 17. Ba3 ({RR} 17. Bb2 Bd7 18. Bxc6 Bxc6 19. Nxe5 Rxa1 20. Bxa1 Bxe4 21. Nxe4 Qxd1 22. Nxf6+ Bxf6 23. Rxd1 Bxe5) 17... Nb8) 16. Qc2 h6 17. Nf1 Ne7 ({RR} 17... Bd7 18. Ng3 Qc8 19. Be3 Be6 20. Bxe6 Qxe6) 18. Ng3 Ng6 19. Be3 Qe8 20. Red1 ({RR} 20. c4 Be6 ({RR} 20... Bb4 21. Reb1 c5 22. Ba4 Qe7 23. Bc6) 21. Ba4 Bd7 22. c5 Bxa4 23. Rxa4) 20... Be6 21. Ba4 Bd7 22. Nd2 Bxa4 23. Qxa4 Qxa4 24. Rxa4 Ra8 25. Rda1 Rxa4 26. Rxa4 Rb8 27. Ra6 Ne8 ({RR} 27... Nd7 28. Nc4 Bf8) ({RR} 27... Nf4) 28. Kf1 {Nepomniachtchi,I (2782)-Carlsen,M (2855) Dubai 2021 CBM 206 [Giri,Anish] ½-½ (43)}) 14. Be3 Re8 15. Nbd2 Bf8 16. Qc2 $146 ({RR} 16. g4 Nh7 17. d4 h5 18. Ba4 Bd7 19. gxh5 exd4 20. cxd4 Nb4 21. Bxd7 Qxd7 22. Kh2 d5 23. e5 c5 24. dxc5 Nd3 25. Rg1 Nxc5 26. Rg4 Qf5 27. h6 g6 28. Ra7 Nd3 29. Kg2 Rb4 30. Nd4 Rxd4 {Yakubboev,N (2617)-Esipenko,A (2683) chess.com INT 2023 1-0 (44)}) 16... Be6 17. Bxe6 Rxe6 18. d4 exd4 19. Nxd4 Nxd4 20. cxd4 Qe8 21. d5 Re7 22. Ra4 Rb2 23. Qxb2 Qxa4 24. Bd4 Nh5 25. Ra1 Qd7 26. Qc3 Nf4 27. Qf3 Ng6 28. Rc1 Qa4 29. Qd3 f5 30. g3 fxe4 31. Nxe4 Qe8 32. Nc3 Re1+ 33. Rxe1 Qxe1+ 34. Kg2 Qe8 35. Qb5 Qc8 36. Qd3 Ne7 37. Qe4 c6 38. dxc6 1/2-1/2

[Event "Tata Steel-A 84th"]
[Site "Wijk aan Zee"]
[Date "2022.01.28"]
[Round "11"]
[White "Carlsen, Magnus"]
[Black "Vidit, Santosh Gujrathi"]
[Result "1/2-1/2"]
[WhiteElo "2865"]
[BlackElo "2727"]
[PlyCount "102"]
[EventDate "2022.01.15"]
[EventType "tourn"]
[EventRounds "13"]
[EventCountry "NED"]
[EventCategory "20"]
[SourceTitle "CBM 206"]
[Source "ChessBase"]
[SourceDate "2022.02.28"]
[SourceVersion "1"]
[SourceVersionDate "2022.02.28"]
[SourceQuality "1"]

1. e4 e5 2. Bc4 Nf6 3. d3 Nc6 4. Nf3 Bc5 5. Nc3 h6 6. h3 a6 7. a4 d6 8. Be3 Bxe3 9. fxe3 Be6 10. b3 O-O 11. O-O d5 12. exd5 Nxd5 13. Qd2 Nxc3 ({RR} 13... Re8 14. a5 Nxc3 15. Qxc3 e4 16. dxe4 Bxc4 17. Qxc4 Qe7 18. Nd4 Ne5 19. Qc3 g6 20. Ne2 Rad8 21. Rf2 Qd6 22. Raf1 c6 23. Nf4 Re7 24. b4 Qd7 25. Qb3 Kg7 26. Nd3 Rf8 27. Qc3 Qc7 28. Rf6 {Elmi,S (2412)-Vestby-Ellingsen,M (2395) Bergen NOR 2025 ½-½ (34)}) 14. Qxc3 Qd6 15. Nd2 $146 ({RR} 15. Bxe6 Qxe6 16. Nd2 a5 17. Nc4 b6 18. e4 Nd4 19. Rae1 Rad8 20. Ne3 Rd6 21. Rf2 Rc6 22. Qd2 Rd8 23. Qd1 Qe7 24. Nd5 Qc5 25. c3 Ne6 26. Qf3 Ng5 27. Qg3 Rg6 28. Qe3 Qxe3 29. Ne7+ Kh7 {Kramnik,V (2753)-Rasulov,V (2526) chess.com INT 2023 1-0 (88)}) 15... f5 16. Bxe6+ Qxe6 17. Qc4 Qxc4 18. bxc4 e4 19. d4 f4 20. Rxf4 Rxf4 21. exf4 Nxd4 22. Nxe4 Ne2+ 23. Kf2 Nxf4 24. Rb1 b6 25. c5 Rf8 26. cxb6 cxb6 27. c4 Nd5+ 28. Ke2 Re8 29. cxd5 Rxe4+ 30. Kd3 Rxa4 31. d6 Kf7 32. Re1 Ra5 33. Kd4 Ra2 34. Kd5 Rd2+ 35. Kc6 b5 36. d7 Rc2+ 37. Kb6 Rd2 38. Kc7 Rc2+ 39. Kd8 b4 40. Re7+ Kf8 41. Re3 Kf7 42. Re7+ Kf8 43. Re5 g6 44. Re6 b3 45. Rf6+ Kg7 46. Ke7 Re2+ 47. Re6 Rxe6+ 48. Kxe6 b2 49. d8=Q b1=Q 50. Qc7+ Kg8 51. Qd8+ Kg7 1/2-1/2

[Event "Tata Steel-A 84th"]
[Site "Wijk aan Zee"]
[Date "2022.01.29"]
[Round "12"]
[White "Caruana, Fabiano"]
[Black "Carlsen, Magnus"]
[Result "0-1"]
[WhiteElo "2792"]
[BlackElo "2865"]
[PlyCount "98"]
[EventDate "2022.01.15"]
[EventType "tourn"]
[EventRounds "13"]
[EventCountry "NED"]
[EventCategory "20"]
[SourceTitle "CBM 206"]
[Source "ChessBase"]
[SourceDate "2022.02.28"]
[SourceVersion "1"]
[SourceVersionDate "2022.02.28"]
[SourceQuality "1"]

1. e4 c5 2. Nf3 Nc6 3. Bb5 g6 4. O-O Bg7 5. c3 Nf6 6. Re1 O-O 7. d4 d5 8. e5 Ne4 9. Be3 cxd4 10. cxd4 Qb6 11. Qe2 Bd7 12. Ba4 Rac8 13. Nc3 Nxc3 14. bxc3 Qd8 15. Bb3 Na5 $146 ({RR} 15... Bg4 16. h3 Bxf3 17. Qxf3 e6 18. Qg3 Na5 19. Bd2 Nc4 20. Bg5 Qa5 21. h4 Na3 22. Bd2 Nc4 23. Bg5 Na3 24. Bd2 Nc4 25. Bg5 Na3 {½-½ (25) Hernandez Guerrero,G (2457)-Tomiello,L (2298) Florianopolis BRA 2025}) 16. Rac1 Nxb3 17. axb3 Qb6 18. Qa2 a5 19. Qa3 Rfe8 20. c4 dxc4 21. bxc4 Qa6 22. c5 Bc6 23. Rb1 a4 24. Rec1 Rcd8 25. Nd2 Qe2 26. f3 Rxd4 27. Bxd4 Qxd2 28. Rd1 Qf4 29. Qb4 e6 30. Bc3 Qxb4 31. Bxb4 Bxe5 32. Ba3 Bf6 33. Kf2 Be7 34. Rb6 Rc8 35. Rd2 f6 36. f4 e5 37. fxe5 fxe5 38. Re2 Rf8+ 39. Ke1 Rf5 40. Rb1 e4 41. Rc1 Bh4+ 42. g3 Bg5 43. Rb1 Rf3 44. Bc1 Bf6 45. Rb6 Rf5 46. Ba3 Kf7 47. Rf2 Rf3 48. Rxf3 exf3 49. Kf1 Bd4 0-1

[Event "Norway Chess 10th"]
[Site "Stavanger"]
[Date "2022.06.05"]
[Round "5"]
[White "Anand, Viswanathan"]
[Black "Carlsen, Magnus"]
[Result "1/2-1/2"]
[WhiteElo "2751"]
[BlackElo "2864"]
[PlyCount "80"]
[EventDate "2022.05.31"]
[EventType "tourn"]
[EventRounds "9"]
[EventCountry "NOR"]
[EventCategory "21"]
[SourceTitle "CBM 209"]
[Source "ChessBase"]
[SourceDate "2022.08.31"]
[SourceVersion "1"]
[SourceVersionDate "2022.08.31"]
[SourceQuality "1"]

1. e4 e5 2. Nf3 Nc6 3. Bc4 Nf6 4. d3 Be7 5. O-O O-O 6. Re1 d6 7. a4 Na5 8. Ba2 c5 9. c3 Nc6 10. Na3 h6 11. Nc2 ({RR} 11. Bd2 Re8 12. Nc4 Bf8 13. h3 Be6 14. b4 Qc7 15. Ne3 Bxa2 16. Rxa2 cxb4 17. cxb4 d5 18. Qb1 dxe4 19. dxe4 Nd4 20. Nxd4 exd4 21. Nf5 Rad8 22. Qd3 Qe5 23. Ng3 Nh5 24. Nxh5 Qxh5 25. Rc2 Rd7 {Harikrishna,P (2753)-Ponomariov,R (2712) Huaian 2016 ½-½ (49)}) ({RR} 11. Bd2 a6 12. h3 Rb8 13. b4 b5 14. axb5 axb5 15. Nc2 cxb4 16. cxb4 Be6 17. Ne3 Bxa2 18. Rxa2 d5 19. Qb1 Qd7 20. Nf5 Rfe8 21. Rc1 Bf8 22. Ra6 dxe4 23. dxe4 Re6 24. Be1 Qb7 25. Ra3 g6 {Kawulski-Chodkiewicz,A (1985)-Gajdzica,M (2113) Polanica Zdroj POL 2025 0-1 (125)}) 11... a6 12. Ne3 Be6 13. Nd5 $146 ({RR} 13. Bd2 Rb8 14. Bd5 Qd7 15. a5 Bd8 16. b4 cxb4 17. cxb4 Bxd5 18. Nxd5 Nxd5 19. exd5 Ne7 20. Qb3 Qb5 21. d4 exd4 22. Nxd4 Qxd5 23. Qxd5 Nxd5 24. Nf5 Bf6 25. Ra3 Rbd8 26. Rd3 Nc7 27. Bf4 Nb5 {Swindells,J (2305)-Gourlay,I (2377) England 2018 ½-½ (73)}) 13... Re8 14. Nd2 b5 15. Nf1 Bxd5 16. Bxd5 Nxd5 17. exd5 Na5 18. b4 Nb7 19. Re2 cxb4 20. cxb4 a5 21. axb5 axb4 22. Rb1 Qd7 23. Reb2 Nc5 24. Rxb4 Qf5 25. Be3 Nxd3 26. Ng3 Qh7 27. R4b3 Nc5 28. Bxc5 dxc5 29. b6 Red8 30. b7 Rab8 31. Rb6 c4 32. Rc6 Qd3 33. Qf1 Bf8 34. Rxc4 Qxf1+ 35. Kxf1 Rd7 36. Rc8 Rbxb7 37. Rxb7 Rxb7 38. Nf5 Rd7 39. g4 g6 40. Nxh6+ Kh7 1/2-1/2